[Event "ABC 2024 Utrecht, Groep B"]
[Site "Utrecht"]
[Date "2024.03.09"]
[Round "3.4"]
[White "Blok, Xaveer"]
[Black "Hylarides, Charlie Ronald"]
[Result "1/2-1/2"]
[WhiteElo "1884"]
[BlackElo "1783"]

1. e4 {[%clk 00:55:14]} {[%emt 00:00:05]} c6 {[%clk 00:55:25]} {[%emt
00:00:05]} 2. d4 {[%clk 00:55:17]} {[%emt 00:00:07]} d5 {[%clk 00:55:30]}
{[%emt 00:00:05]} 3. f3 {[%clk 00:55:04]} {[%emt 00:00:23]} dxe4 {[%clk
00:55:33]} {[%emt 00:00:07]} 4. fxe4 {[%clk 00:55:07]} {[%emt 00:00:07]} e5
{[%clk 00:55:39]} {[%emt 00:00:04]} 5. Nf3 {[%clk 00:55:11]} {[%emt 00:00:05]}
Bg4 {[%clk 00:55:45]} {[%emt 00:00:04]} 6. Bc4 {[%clk 00:55:15]} {[%emt
00:00:07]} Nd7 {[%clk 00:54:14]} {[%emt 00:01:41]} 7. c3 {[%clk 00:54:18]}
{[%emt 00:01:07]} Bxf3 {[%clk 00:50:10]} {[%emt 00:04:14]} 8. Qxf3 {[%clk
00:53:55]} {[%emt 00:00:33]} Ngf6 {[%clk 00:49:58]} {[%emt 00:00:22]} 9. O-O
{[%clk 00:52:15]} {[%emt 00:01:49]} Be7 {[%clk 00:49:03]} {[%emt 00:01:05]} 10.
Bxf7+ {[%clk 00:40:58]} {[%emt 00:11:27]} Kxf7 {[%clk 00:47:50]} {[%emt
00:01:24]} 11. dxe5 {[%clk 00:39:38]} {[%emt 00:01:30]} Nxe5 {[%clk 00:46:16]}
{[%emt 00:01:45]} 12. Qh5+ {[%clk 00:36:06]} {[%emt 00:03:40]} Ng6 {[%clk
00:46:00]} {[%emt 00:00:27]} 13. e5 {[%clk 00:35:17]} {[%emt 00:00:59]} Qd5
{[%clk 00:45:46]} {[%emt 00:00:23]} 14. Rf5 {[%clk 00:20:02]} {[%emt 00:15:26]}
Ke6 {[%clk 00:37:11]} {[%emt 00:08:44]} 15. exf6 {[%clk 00:15:28]} {[%emt
00:04:44]} Qxf5 {[%clk 00:36:11]} {[%emt 00:01:11]} 16. Qxf5+ {[%clk 00:15:19]}
{[%emt 00:00:18]} Kxf5 {[%clk 00:36:15]} {[%emt 00:00:07]} 17. fxe7 {[%clk
00:15:14]} {[%emt 00:00:14]} Nxe7 {[%clk 00:36:04]} {[%emt 00:00:22]} 18. Nd2
{[%clk 00:15:06]} {[%emt 00:00:17]} b5 {[%clk 00:35:34]} {[%emt 00:00:41]} 19.
Nb3 {[%clk 00:14:44]} {[%emt 00:00:31]} a5 {[%clk 00:34:35]} {[%emt 00:01:09]}
20. a4 {[%clk 00:14:10]} {[%emt 00:00:45]} b4 {[%clk 00:32:18]} {[%emt
00:02:27]} 21. cxb4 {[%clk 00:14:00]} {[%emt 00:00:19]} axb4 {[%clk 00:31:52]}
{[%emt 00:00:37]} 22. a5 {[%clk 00:14:00]} {[%emt 00:00:09]} Rhd8 {[%clk
00:30:41]} {[%emt 00:01:22]} 23. Bd2 {[%clk 00:13:52]} {[%emt 00:00:18]} Rd3
{[%clk 00:30:11]} {[%emt 00:00:39]} 24. Bxb4 {[%clk 00:13:47]} {[%emt
00:00:15]} Nd5 {[%clk 00:29:57]} {[%emt 00:00:24]} 25. Rf1+ {[%clk 00:12:38]}
{[%emt 00:01:19]} Kg6 {[%clk 00:28:55]} {[%emt 00:01:13]} 26. Bc3 {[%clk
00:12:17]} {[%emt 00:00:30]} Nxc3 {[%clk 00:28:47]} {[%emt 00:00:19]} 27. bxc3
{[%clk 00:12:18]} {[%emt 00:00:08]} Rxc3 {[%clk 00:28:49]} {[%emt 00:00:09]} 28.
Nd4 {[%clk 00:11:58]} {[%emt 00:00:30]} Rxa5 {[%clk 00:28:03]} {[%emt
00:00:56]} 29. Ne2 {[%clk 00:11:49]} {[%emt 00:00:18]} Rc2 {[%clk 00:26:36]}
{[%emt 00:01:37]} 30. Nf4+ {[%clk 00:11:35]} {[%emt 00:00:24]} Kh6 {[%clk
00:25:57]} {[%emt 00:00:49]} 31. h4 {[%emt 00:00:55]} Rf5 {[%emt 00:00:27]} 32.
g4 {[%clk 00:11:11]} {[%emt 00:00:01]} Rxf4 {[%clk 00:24:48]} {[%emt 00:00:51]}
33. Rxf4 {[%clk 00:11:15]} {[%emt 00:00:05]} c5 {[%clk 00:23:28]} {[%emt
00:01:30]} 34. Rf5 {[%clk 00:09:08]} {[%emt 00:02:17]} Rc3 {[%clk 00:20:20]}
{[%emt 00:03:18]} 35. Kf2 {[%clk 00:08:52]} {[%emt 00:00:27]} c4 {[%clk
00:19:13]} {[%emt 00:01:17]} 36. Rc5 {[%clk 00:08:43]} {[%emt 00:00:19]} Rc2+
{[%clk 00:18:37]} {[%emt 00:00:46]} 1/2-1/2

[Event "ABC 2024 Utrecht, Groep B"]
[Site "Utrecht"]
[Date "2024.03.09"]
[Round "3.5"]
[White "Ramdien, Steven"]
[Black "Pathak, Raghav"]
[Result "1/2-1/2"]
[WhiteElo "1794"]
[BlackElo "1960"]

1. e4 {[%clk 00:55:08]} {[%emt 00:00:12]} c6 {[%clk 00:55:19]} {[%emt
00:00:03]} 2. d4 {[%clk 00:55:01]} {[%emt 00:00:16]} d5 {[%clk 00:55:25]}
{[%emt 00:00:03]} 3. exd5 {[%clk 00:55:08]} {[%emt 00:00:04]} cxd5 {[%clk
00:55:32]} {[%emt 00:00:03]} 4. Nf3 {[%clk 00:55:02]} {[%emt 00:00:16]} Nc6
{[%clk 00:55:12]} {[%emt 00:00:30]} 5. Bd3 {[%clk 00:54:49]} {[%emt 00:00:22]}
Nf6 {[%clk 00:55:09]} {[%emt 00:00:14]} 6. h3 {[%clk 00:54:38]} {[%emt
00:00:20]} Qc7 {[%clk 00:55:03]} {[%emt 00:00:17]} 7. Nc3 {[%clk 00:54:13]}
{[%emt 00:00:34]} a6 {[%clk 00:55:05]} {[%emt 00:00:09]} 8. Ne2 {[%clk
00:54:04]} {[%emt 00:00:18]} e6 {[%clk 00:54:46]} {[%emt 00:00:30]} 9. Bf4
{[%clk 00:53:20]} {[%emt 00:00:53]} Bd6 {[%clk 00:54:28]} {[%emt 00:00:28]} 10.
Bxd6 {[%clk 00:52:03]} {[%emt 00:01:27]} Qxd6 {[%clk 00:54:31]} {[%emt
00:00:06]} 11. Ng3 {[%clk 00:51:22]} {[%emt 00:00:49]} Qb4+ {[%clk 00:53:45]}
{[%emt 00:01:00]} 12. Qd2 {[%clk 00:50:13]} {[%emt 00:01:18]} Qxb2 {[%clk
00:53:41]} {[%emt 00:00:15]} 13. O-O {[%clk 00:50:07]} {[%emt 00:00:15]} O-O
{[%clk 00:53:46]} {[%emt 00:00:05]} 14. Qf4 {[%clk 00:49:14]} {[%emt 00:01:02]}
Qa3 {[%clk 00:52:57]} {[%emt 00:01:02]} 15. Qh4 {[%clk 00:39:52]} {[%emt
00:09:30]} Nb4 {[%clk 00:52:43]} {[%emt 00:00:25]} 16. Ng5 {[%clk 00:38:14]}
{[%emt 00:01:47]} Nxd3 {[%clk 00:49:06]} {[%emt 00:03:48]} 17. Nh5 {[%clk
00:38:02]} {[%emt 00:00:21]} Nxh5 {[%clk 00:49:09]} {[%emt 00:00:07]} 18. Qxh5
{[%clk 00:37:50]} {[%emt 00:00:23]} h6 {[%clk 00:49:15]} {[%emt 00:00:04]} 19.
cxd3 {[%clk 00:37:35]} {[%emt 00:00:24]} hxg5 {[%clk 00:49:19]} {[%emt
00:00:06]} 20. Rad1 {[%clk 00:37:05]} {[%emt 00:00:40]} Qe7 {[%clk 00:49:17]}
{[%emt 00:00:12]} 21. f4 {[%clk 00:36:59]} {[%emt 00:00:16]} Qf6 {[%clk
00:48:29]} {[%emt 00:00:58]} 22. fxg5 {[%clk 00:36:43]} {[%emt 00:00:26]} Qxd4+
{[%clk 00:48:35]} {[%emt 00:00:05]} 23. Kh1 {[%clk 00:36:45]} {[%emt 00:00:07]}
g6 {[%clk 00:48:41]} {[%emt 00:00:05]} 24. Qe2 {[%clk 00:36:05]} {[%emt
00:00:49]} Bd7 {[%clk 00:48:42]} {[%emt 00:00:10]} 25. Rf6 {[%clk 00:35:51]}
{[%emt 00:00:22]} Qh4 {[%clk 00:48:15]} {[%emt 00:00:38]} 26. Qe3 {[%clk
00:34:51]} {[%emt 00:01:09]} d4 {[%clk 00:48:19]} {[%emt 00:00:08]} 27. Qe5
{[%clk 00:34:29]} {[%emt 00:00:29]} Bc6 {[%clk 00:48:12]} {[%emt 00:00:19]} 28.
Kh2 {[%clk 00:34:04]} {[%emt 00:00:33]} Rad8 {[%clk 00:48:08]} {[%emt
00:00:17]} 29. Rdf1 {[%clk 00:31:55]} {[%emt 00:02:18]} Qh5 {[%clk 00:47:42]}
{[%emt 00:00:37]} 30. a3 {[%clk 00:28:55]} {[%emt 00:03:11]} Rd5 {[%clk
00:47:44]} {[%emt 00:00:07]} 31. Qxe6 {[%clk 00:25:58]} {[%emt 00:03:07]} Rxg5
{[%clk 00:46:12]} {[%emt 00:01:42]} 32. g4 {[%clk 00:24:32]} {[%emt 00:01:34]}
Re5 {[%clk 00:45:27]} {[%emt 00:00:56]} 33. Rxf7 {[%clk 00:24:03]} {[%emt
00:00:40]} Rxe6 {[%clk 00:44:46]} {[%emt 00:00:51]} 34. Rxf8+ {[%clk 00:23:04]}
{[%emt 00:01:09]} Kg7 {[%clk 00:44:48]} {[%emt 00:00:08]} 35. R1f7+ {[%clk
00:21:58]} {[%emt 00:01:16]} Kh6 {[%clk 00:44:50]} {[%emt 00:00:08]} 36. gxh5
{[%clk 00:21:21]} {[%emt 00:00:46]} Kxh5 {[%clk 00:44:48]} {[%emt 00:00:13]} 37.
Rh8+ {[%clk 00:19:07]} {[%emt 00:02:23]} Kg5 {[%clk 00:44:53]} {[%emt
00:00:06]} 38. Rf2 {[%clk 00:18:37]} {[%emt 00:00:38]} Re1 {[%clk 00:44:42]}
{[%emt 00:00:23]} 39. Rd8 {[%clk 00:16:15]} {[%emt 00:02:32]} Rh1+ {[%clk
00:44:18]} {[%emt 00:00:34]} 40. Kg3 {[%clk 00:16:17]} {[%emt 00:00:07]} Rg1+
{[%clk 00:44:23]} {[%emt 00:00:06]} 41. Kh2 {[%clk 00:16:22]} {[%emt 00:00:04]}
Rh1+ {[%clk 00:44:27]} {[%emt 00:00:07]} 42. Kg3 {[%clk 00:16:21]} {[%emt
00:00:10]} Rg1+ {[%clk 00:44:30]} {[%emt 00:00:07]} 43. Kh2 {[%clk 00:16:26]}
{[%emt 00:00:05]} Rh1+ {[%clk 00:44:34]} {[%emt 00:00:06]} 1/2-1/2

[Event "ABC 2024 Utrecht, Groep B"]
[Site "Utrecht"]
[Date "2024.03.09"]
[Round "3.6"]
[White "Teianu, Sabin"]
[Black "De Wit, Evan"]
[Result "0-1"]
[WhiteElo "1938"]
[BlackElo "1892"]

1. d4 {[%clk 00:55:17]} {[%emt 00:00:02]} Nf6 {[%clk 00:55:13]} {[%emt
00:00:06]} 2. c4 {[%clk 00:55:22]} {[%emt 00:00:05]} e6 {[%clk 00:55:17]}
{[%emt 00:00:06]} 3. Nc3 {[%clk 00:55:28]} {[%emt 00:00:04]} Bb4 {[%clk
00:55:08]} {[%emt 00:00:19]} 4. Bd2 {[%clk 00:55:33]} {[%emt 00:00:05]} d5
{[%clk 00:54:37]} {[%emt 00:00:41]} 5. e3 {[%clk 00:55:33]} {[%emt 00:00:09]}
O-O {[%clk 00:54:37]} {[%emt 00:00:12]} 6. Nf3 {[%clk 00:55:19]} {[%emt
00:00:24]} b6 {[%clk 00:54:25]} {[%emt 00:00:22]} 7. cxd5 {[%clk 00:51:35]}
{[%emt 00:03:54]} exd5 {[%clk 00:54:01]} {[%emt 00:00:34]} 8. Bd3 {[%clk
00:48:21]} {[%emt 00:03:24]} Bb7 {[%clk 00:53:52]} {[%emt 00:00:19]} 9. O-O
{[%clk 00:48:22]} {[%emt 00:00:08]} Nbd7 {[%clk 00:52:53]} {[%emt 00:01:10]} 10.
Rc1 {[%clk 00:46:42]} {[%emt 00:01:49]} c6 {[%clk 00:52:50]} {[%emt 00:00:14]}
11. Ne5 {[%clk 00:46:21]} {[%emt 00:00:31]} Nxe5 {[%clk 00:51:40]} {[%emt
00:01:20]} 12. dxe5 {[%clk 00:46:25]} {[%emt 00:00:06]} Nd7 {[%clk 00:51:27]}
{[%emt 00:00:23]} 13. f4 {[%clk 00:46:02]} {[%emt 00:00:32]} Nc5 {[%emt
00:10:11]} 14. Bb1 {[%clk 00:37:31]} {[%emt 00:00:07]} Ba6 {[%clk 00:44:40]}
{[%emt 00:05:31]} 15. Rf3 {[%clk 00:33:25]} {[%emt 00:04:16]} Bd3 {[%clk
00:42:37]} {[%emt 00:02:13]} 16. a3 {[%clk 00:25:52]} {[%emt 00:07:43]} Bxc3
{[%clk 00:41:18]} {[%emt 00:01:29]} 17. Bxc3 {[%clk 00:25:26]} {[%emt
00:00:36]} Bxb1 {[%clk 00:41:19]} {[%emt 00:00:10]} 18. Rxb1 {[%clk 00:25:32]}
{[%emt 00:00:03]} Ne4 {[%clk 00:41:05]} {[%emt 00:00:23]} 19. Rh3 {[%clk
00:20:46]} {[%emt 00:04:56]} Qd7 {[%clk 00:38:08]} {[%emt 00:03:09]} 20. Qh5
{[%clk 00:20:13]} {[%emt 00:00:42]} h6 {[%clk 00:37:46]} {[%emt 00:00:33]} 21.
Rf1 {[%clk 00:14:57]} {[%emt 00:05:20]} Rfe8 {[%clk 00:35:48]} {[%emt
00:02:14]} 22. g4 {[%clk 00:11:43]} {[%emt 00:03:23]} c5 {[%clk 00:32:14]}
{[%emt 00:03:44]} 23. g5 {[%clk 00:07:41]} {[%emt 00:04:12]} Qf5 {[%clk
00:27:55]} {[%emt 00:04:29]} 24. gxh6 {[%clk 00:07:34]} {[%emt 00:00:17]} Qxh5
{[%clk 00:27:51]} {[%emt 00:00:14]} 25. Rxh5 {[%clk 00:07:38]} {[%emt
00:00:05]} gxh6 {[%clk 00:25:43]} {[%emt 00:02:19]} 26. Rxh6 {[%clk 00:07:33]}
{[%emt 00:00:16]} Kg7 {[%clk 00:25:47]} {[%emt 00:00:06]} 27. Rh3 {[%clk
00:05:46]} {[%emt 00:01:51]} Rg8 {[%clk 00:25:18]} {[%emt 00:00:45]} 28. Rhf3
{[%clk 00:04:48]} {[%emt 00:01:06]} Kf8+ {[%clk 00:24:40]} {[%emt 00:00:50]} 29.
Kh1 {[%clk 00:04:47]} {[%emt 00:00:10]} Ke7 {[%clk 00:20:10]} {[%emt 00:04:40]}
30. Rd1 {[%clk 00:04:12]} {[%emt 00:00:44]} Rad8 {[%clk 00:19:23]} {[%emt
00:00:58]} 31. Be1 {[%clk 00:03:58]} {[%emt 00:00:24]} Ke6 {[%clk 00:18:46]}
{[%emt 00:00:47]} 32. Bg3 {[%clk 00:03:44]} {[%emt 00:00:23]} Kf5 {[%clk
00:18:19]} {[%emt 00:00:39]} 33. Kg2 {[%clk 00:03:20]} {[%emt 00:00:33]} Rg6
{[%clk 00:14:53]} {[%emt 00:03:36]} 34. Rd3 {[%clk 00:00:31]} {[%emt 00:02:59]}
Rd7 {[%clk 00:12:58]} {[%emt 00:02:05]} 35. Rf1 {[%clk 00:00:29]} {[%emt
00:00:08]} Rd8 {[%clk 00:10:53]} {[%emt 00:02:19]} 36. Rfd1 {[%clk 00:00:13]}
{[%emt 00:00:27]} Rdg8 {[%clk 00:11:02]} {[%emt 00:00:01]} 37. Rxd5 {[%clk
00:00:19]} {[%emt 00:00:04]} Nxg3 {[%clk 00:10:32]} {[%emt 00:00:40]} 38. hxg3
{[%clk 00:00:12]} {[%emt 00:00:17]} Rxg3+ {[%clk 00:10:24]} {[%emt 00:00:18]}
39. Kf2 {[%clk 00:00:13]} {[%emt 00:00:10]} Ke4 {[%clk 00:06:14]} {[%emt
00:04:20]} 40. R1d3 {[%clk 00:00:11]} {[%emt 00:00:11]} Rg1 {[%clk 00:05:39]}
{[%emt 00:00:44]} 41. R3d4+ {[%clk 00:00:13]} {[%emt 00:00:09]} cxd4 {[%clk
00:05:26]} {[%emt 00:00:24]} 42. Rxd4+ {[%clk 00:00:21]} {[%emt 00:00:01]} Kf5
{[%clk 00:05:23]} {[%emt 00:00:10]} 43. Rd6 {[%clk 00:00:13]} {[%emt 00:00:21]}
R8g2+ {[%clk 00:05:28]} {[%emt 00:00:04]} 44. Kf3 {[%clk 00:00:22]} {[%emt
00:00:02]} Rg3+ {[%clk 00:04:06]} {[%emt 00:01:32]} 45. Ke2 {[%clk 00:00:24]}
{[%emt 00:00:08]} Rg6 {[%clk 00:03:32]} {[%emt 00:00:44]} 46. Rd7 {[%clk
00:00:16]} {[%emt 00:00:18]} Ke6 {[%clk 00:03:34]} {[%emt 00:00:08]} 47. Rxa7
{[%clk 00:00:23]} {[%emt 00:00:04]} R1g2+ {[%clk 00:03:42]} 48. Kf3 {[%clk
00:00:21]} {[%emt 00:00:12]} Rxb2 {[%clk 00:03:35]} {[%emt 00:00:17]} 49. Ke4
{[%clk 00:00:14]} {[%emt 00:00:16]} f5+ {[%clk 00:03:04]} {[%emt 00:00:42]} 50.
exf6 {[%emt 00:00:13]} Rxf6 {[%clk 00:03:05]} {[%emt 00:00:06]} 51. Ra6 {[%clk
00:00:18]} {[%emt 00:00:07]} Rb5 {[%clk 00:02:54]} {[%emt 00:00:20]} 52. a4
{[%clk 00:00:13]} {[%emt 00:00:15]} Rb4+ {[%clk 00:03:02]} {[%emt 00:00:02]} 53.
Kf3 {[%clk 00:00:20]} {[%emt 00:00:02]} Kd5 {[%clk 00:03:05]} {[%emt 00:00:08]}
54. Ra8 {[%clk 00:00:13]} {[%emt 00:00:16]} Rb3 {[%clk 00:02:42]} {[%emt
00:00:34]} 55. a5 {[%clk 00:00:13]} {[%emt 00:00:10]} Ra3 {[%clk 00:02:14]}
{[%emt 00:00:38]} 56. a6 {[%clk 00:00:12]} {[%emt 00:00:10]} b5 {[%clk
00:01:59]} {[%emt 00:00:26]} 57. a7 {[%clk 00:00:16]} {[%emt 00:00:06]} Rfa6
{[%clk 00:02:06]} {[%emt 00:00:02]} 58. Rb8 {[%clk 00:00:15]} {[%emt 00:00:12]}
Rxa7 {[%clk 00:02:13]} {[%emt 00:00:03]} 59. Rxb5+ {[%clk 00:00:23]} {[%emt
00:00:02]} Kc6 {[%clk 00:02:21]} {[%emt 00:00:02]} 60. Re5 {[%clk 00:00:26]}
{[%emt 00:00:07]} Kd6 {[%clk 00:02:28]} {[%emt 00:00:04]} 61. Re4 {[%clk
00:00:13]} {[%emt 00:00:22]} Re7 {[%clk 00:02:05]} {[%emt 00:00:32]} 62. Rd4+
{[%clk 00:00:17]} {[%emt 00:00:07]} Kc5 {[%clk 00:02:04]} {[%emt 00:00:11]} 63.
Rd1 {[%clk 00:00:13]} {[%emt 00:00:14]} Raxe3+ {[%clk 00:02:08]} {[%emt
00:00:07]} 64. Kg4 {[%clk 00:00:21]} {[%emt 00:00:01]} Rf7 {[%clk 00:01:59]}
{[%emt 00:00:19]} 65. f5 {[%clk 00:00:13]} {[%emt 00:00:19]} Re5 {[%clk
00:01:45]} {[%emt 00:00:22]} 66. Rf1 {[%clk 00:00:19]} {[%emt 00:00:04]} Kd6
{[%clk 00:01:49]} {[%emt 00:00:07]} 67. Kg5 {[%clk 00:00:23]} {[%emt 00:00:06]}
Ke7 {[%clk 00:01:55]} {[%emt 00:00:03]} 68. Kg6 {[%clk 00:00:14]} {[%emt
00:00:19]} Re2 {[%clk 00:01:25]} {[%emt 00:00:41]} 69. f6+ {[%clk 00:00:13]}
{[%emt 00:00:11]} Ke6 {[%clk 00:01:28]} {[%emt 00:00:07]} 70. Rg1 {[%clk
00:00:12]} {[%emt 00:00:11]} Rxf6 {[%clk 00:01:32]} {[%emt 00:00:06]} 71. Kg7
{[%clk 00:00:18]} {[%emt 00:00:04]} Rf7+ {[%clk 00:01:27]} {[%emt 00:00:15]} 72.
Kg8 {[%clk 00:00:14]} {[%emt 00:00:14]} Ref2 {[%clk 00:01:05]} {[%emt
00:00:31]} 73. Re1+ {[%clk 00:00:12]} {[%emt 00:00:12]} Kf6 {[%clk 00:01:14]}
{[%emt 00:00:02]} 74. Rg1 {[%clk 00:00:13]} {[%emt 00:00:09]} Rf5 {[%clk
00:01:14]} {[%emt 00:00:10]} 75. Kh8 {[%emt 00:00:53]} Rf8+ {[%clk 00:03:17]}
{[%emt 00:00:25]} 76. Kh7 {[%clk 00:00:16]} {[%emt 00:00:05]} Rh5+ {[%clk
00:03:24]} {[%emt 00:00:02]} 0-1

[Event "ABC 2024 Utrecht, Groep B"]
[Site "Utrecht"]
[Date "2024.03.09"]
[Round "3.7"]
[White "Rogozyanskiy, Alexander"]
[Black "Seth, Aakrit"]
[Result "1/2-1/2"]
[WhiteElo "1765"]
[BlackElo "1914"]

1. d4 {[%clk 00:55:17]} {[%emt 00:00:02]} d5 {[%clk 00:54:08]} {[%emt
00:01:13]} 2. c4 {[%clk 00:55:18]} {[%emt 00:00:08]} e6 {[%clk 00:54:10]}
{[%emt 00:00:08]} 3. Nf3 {[%clk 00:55:22]} {[%emt 00:00:06]} Nf6 {[%clk
00:53:58]} {[%emt 00:00:21]} 4. g3 {[%clk 00:55:28]} {[%emt 00:00:05]} Be7
{[%clk 00:53:51]} {[%emt 00:00:16]} 5. Bg2 {[%clk 00:55:28]} {[%emt 00:00:11]}
O-O {[%clk 00:53:30]} {[%emt 00:00:32]} 6. O-O {[%clk 00:55:32]} {[%emt
00:00:05]} Nbd7 {[%clk 00:53:10]} {[%emt 00:00:31]} 7. Qc2 {[%clk 00:55:26]}
{[%emt 00:00:15]} b6 {[%clk 00:53:07]} {[%emt 00:00:13]} 8. Nbd2 {[%clk
00:55:18]} {[%emt 00:00:18]} Bb7 {[%clk 00:50:52]} {[%emt 00:02:26]} 9. b3
{[%clk 00:52:45]} {[%emt 00:02:42]} Rc8 {[%clk 00:49:30]} {[%emt 00:01:32]} 10.
cxd5 {[%clk 00:44:59]} {[%emt 00:07:56]} exd5 {[%clk 00:49:01]} {[%emt
00:00:39]} 11. Qd3 {[%clk 00:40:47]} {[%emt 00:04:22]} c5 {[%clk 00:47:52]}
{[%emt 00:01:19]} 12. e3 {[%clk 00:39:21]} {[%emt 00:01:37]} c4 {[%clk
00:46:38]} {[%emt 00:01:24]} 13. bxc4 {[%clk 00:36:21]} {[%emt 00:03:10]} dxc4
{[%clk 00:46:23]} {[%emt 00:00:25]} 14. Qc2 {[%clk 00:34:14]} {[%emt 00:02:16]}
c3 {[%clk 00:45:00]} {[%emt 00:01:33]} 15. Nb1 {[%clk 00:33:02]} {[%emt
00:01:22]} Be4 {[%clk 00:44:43]} {[%emt 00:00:27]} 16. Qa4 {[%clk 00:31:52]}
{[%emt 00:01:20]} Bd3 {[%clk 00:37:47]} {[%emt 00:07:05]} 17. Re1 {[%clk
00:31:36]} {[%emt 00:00:27]} Qc7 {[%clk 00:36:59]} {[%emt 00:00:57]} 18. Ba3
{[%clk 00:26:35]} {[%emt 00:05:13]} b5 {[%clk 00:32:56]} {[%emt 00:04:14]} 19.
Qd1 {[%clk 00:23:19]} {[%emt 00:03:25]} Bxb1 {[%clk 00:30:48]} {[%emt
00:02:18]} 20. Bxe7 {[%clk 00:20:19]} {[%emt 00:03:10]} c2 {[%clk 00:29:23]}
{[%emt 00:01:35]} 21. Qc1 {[%clk 00:19:24]} {[%emt 00:01:06]} Rfe8 {[%clk
00:28:34]} {[%emt 00:00:58]} 22. Bxf6 {[%clk 00:18:50]} {[%emt 00:00:44]} Nxf6
{[%clk 00:28:34]} {[%emt 00:00:10]} 23. Nd2 {[%clk 00:16:48]} {[%emt 00:02:12]}
Qc3 {[%clk 00:27:38]} {[%emt 00:01:05]} 24. Nb3 {[%clk 00:16:40]} {[%emt
00:00:19]} a5 {[%clk 00:27:24]} {[%emt 00:00:21]} 25. Rxb1 {[%clk 00:15:02]}
{[%emt 00:01:50]} cxb1=N {[%clk 00:26:37]} {[%emt 00:00:56]} 26. Qxb1 {[%clk
00:15:10]} {[%emt 00:00:04]} Qc2 {[%clk 00:23:47]} {[%emt 00:02:57]} 27. Nc5
{[%clk 00:14:37]} {[%emt 00:00:46]} Qxb1 {[%clk 00:16:10]} {[%emt 00:07:47]} 28.
Rxb1 {[%clk 00:14:46]} {[%emt 00:00:01]} b4 {[%clk 00:15:36]} {[%emt 00:00:44]}
29. Kf1 {[%clk 00:13:16]} {[%emt 00:01:40]} Rc7 {[%clk 00:14:56]} {[%emt
00:00:49]} 30. a3 {[%clk 00:11:01]} {[%emt 00:02:27]} bxa3 {[%clk 00:11:51]}
{[%emt 00:03:13]} 31. Ra1 {[%clk 00:10:48]} {[%emt 00:00:23]} Ra7 {[%clk
00:10:22]} {[%emt 00:01:36]} 32. Rxa3 {[%clk 00:10:33]} {[%emt 00:00:29]} Rb8
{[%clk 00:09:21]} {[%emt 00:01:06]} 33. Ra2 {[%clk 00:09:24]} {[%emt 00:01:24]}
Rb6 {[%clk 00:05:29]} {[%emt 00:04:02]} 34. Ke2 {[%clk 00:08:47]} {[%emt
00:00:47]} Kf8 {[%clk 00:05:20]} {[%emt 00:00:18]} 35. Kd3 {[%clk 00:08:24]}
{[%emt 00:00:34]} Ke7 {[%clk 00:04:49]} {[%emt 00:00:39]} 36. h3 {[%clk
00:08:10]} {[%emt 00:00:26]} Nd7 {[%clk 00:04:11]} {[%emt 00:00:46]} 37. Na4
{[%clk 00:06:54]} {[%emt 00:01:28]} Rb4 {[%clk 00:02:41]} {[%emt 00:01:40]} 38.
Be4 {[%clk 00:06:27]} {[%emt 00:00:37]} g6 {[%clk 00:02:35]} {[%emt 00:00:16]}
39. h4 {[%clk 00:05:56]} {[%emt 00:00:41]} Kd6 {[%clk 00:02:27]} {[%emt
00:00:18]} 40. h5 {[%clk 00:04:59]} {[%emt 00:01:08]} Nb6 {[%clk 00:01:59]}
{[%emt 00:00:37]} 41. Nc5 {[%clk 00:04:49]} {[%emt 00:00:20]} a4 {[%clk
00:02:00]} {[%emt 00:00:08]} 42. hxg6 {[%clk 00:04:35]} {[%emt 00:00:25]} hxg6
{[%clk 00:02:06]} {[%emt 00:00:04]} 43. Kc3 {[%clk 00:04:27]} {[%emt 00:00:14]}
Rc4+ {[%clk 00:01:05]} {[%emt 00:01:15]} 44. Kd3 {[%clk 00:04:00]} {[%emt
00:00:37]} 1/2-1/2